000 01208nam0a2200313 4500
001 RU\NLR\bibl\1147308
005 20250615075340.0
010 _a978-5-94057-127-8
_9800
021 _aRU
_b2007-64742
_93459
035 _a(NLR Aleph) 001134122
090 _a1376481
_c1376481
100 _a20071031d2007 |||y0rusy50 ca
101 0 _arus
102 _aRU
105 _aac |||||||||
200 1 _aИзбранные работы по математической физике
_fР.Л. Добрушин
_gпод ред. Р.А. Минлоса [и др.]
210 _aМосква
_cИзд-во МЦНМО
_d2007
215 _a716 с., [1] л. портр.
_cил.
_d22
320 _aПолный список работ Р.Л. Добрушина: с. 15-26
320 _aБиблиогр. в конце ст.
606 1 _aМатематическая физика
_91280679
_3RU\NLR\auth\66210355
686 _aВ311я44
700 1 _aДобрушин
_bР. Л.
_f1929-1995
_gРоланд Львович
_4070
702 1 _aМинлос
_bР. А.
_gРоберт Адольфович
_4340
801 0 _aRU
_bNLR
_c20071031
_gRCR
801 1 _aRU
_bNLR
_c20071031
942 _cBOOK
980 _aNB